| 000 | 00616cam a22002053a 4500 | ||
|---|---|---|---|
| 001 | 39406 | ||
| 003 | PGUSA | ||
| 005 | 20140828083857.0 | ||
| 008 | 120706s2012||||xxu|||||s|||||000 | eng d | ||
| 040 |
_aPGUSA _beng |
||
| 042 | _adc | ||
| 100 | 1 |
_aTownsend, John Wilson, _d1885-1968 |
|
| 245 | 1 | 0 |
_aKentucky in American Letters, v. 1 of 2 : _b1784-1912 _h[electronic resource] / _cJohn Wilson Townsend |
| 260 |
_bProject Gutenberg, _c2012 |
||
| 506 | _aPublic domain in the USA. | ||
| 516 | _aElectronic text | ||
| 830 | 0 |
_aProject Gutenberg _v39406 |
|
| 856 | 4 | 0 | _uhttp://www.gutenberg.org/ebooks/39406 |
| 942 | _cEB | ||
| 999 |
_c268659 _d268659 |
||